Yugioh Trap Cards by Description - Statistics

General Stats
  • This quiz has been taken 8 times
  • The average score is 10 of 39
Answer Stats
Hint Answer % Correct
When your opponent attacks, change it to defense. Also equip this card to your monster and it gains 500 ATK. You can choose either or both effects Kunai With Chain
71%
When your opponent declare an attack, destroy all of their monsters in attack position Mirror Force
71%
Level 4 or higher monsters cannot attack Gravity Bind
57%
Draw 1 card Jar of Greed
57%
Negates a spell, trap, monster summoning or effect for half your life points Solemn Judgement
57%
When your opponent normal or flip summons a monster with 1000 ATK or more, destroy it Trap Hole
57%
When an opponent activates "Raigeki", negate it and destroy all of their monsters Anti Raigeki
43%
When your opponent summons a monster with 1500 ATK or more, banish it Bottomless Trap Hole
43%
Your opponent takes 500 damage for every monster on their field Just Desserts
43%
Negates a spell Magic Jammer
43%
When your opponents montser attacks, cut their ATK in half, you must pay 2000 life points every standby phase to keep this card on the field Mirror Wall
43%
Skip the opponents battle phase Negate Attack
43%
In the movie, it's effect banishes the Egyptian Gods, then remains on the field as a continuous trap that, if destroyed Pyramid of Light
43%
Pay 1000 life points, all effect monsters have their effects negated as long as this card is on the field Skill Drain
43%
When your opponent declares an attack, banish all of their defense position monsters Dark Mirror Force
29%
When your opponent attacks, target the attacking monster and negate the attack, then deal the targeted monsters ATK as damage Magic Cylinder
29%
Negates the opponent's spell card unless they discard a spell card Magic Drain
29%
Summon this trap card as an aqua-type WATER effect monster with 0 ATK and 3000 DEF Metal Reflect Slime
29%
Skip your opponents next draw phase Time Seal
29%
When either player summons a monster, destroy all monsters on both players fields Torrential Tribute
29%
Negates a trap during battle phase Trap Jammer
29%
Change all of your opponents monsters to attack position and decrease their ATK by 500 Amazoness Archers
14%
When your opponent attack with a tribute summoned monster, destroy all of their attack position monsters and deal 1000 point of damage Blast Held By A Tribute
14%
Summon this trap card as a reptile-type EARTH normal monster with 1600 ATK and 1800 DEF Embodiment of Apophis
14%
When your opponent activates "Harpie's Feather Duster", negate it and destroy all of their Spells and Traps Gryphon Wing
14%
Negates a spell that would destroy multiple spells/traps, then you can destroy a monster and deals its ATK as damage Judgement of Anubis
14%
Equip this card to an attacking monster, negate the attack, the equipped monster cannot attack or change battle positions Spell Binding Circle
14%
Your opponent must show their hand at all times, increase their life points on their standby phase if their hand has a spell The Eye of Truth
14%
When your opponent attack you directly, they choose a card in your hand and, if it's a monster, you special summon it, otherwise you discard it A Hero Emerges
0%
Discard 1 spell card, negate a normal spell as well as any future activations of that spell. The ultimate counter to fusion decks Cursed Seal of the Forbidden Spell
0%
Anime exclusive. Activate when your opponent has at least 2 monsters in defense position. Switch your opponents monsters to attack position. Your opponent cannot switch their monsters to defense position Defense Paralysis
0%
Negates a monster effect Divine Wrath
0%
A spell card in the anime, switch a spellcaster-type monster to face-down defense position, then special summon 1 monster and 2 spells/traps from your deck in face down defense position Magical Hats
0%
Special summon 3 tokens (beast-type/ LIGHT/ level 2/ 0 ATK/ 1000 DEF) on your opponents field. These tokens cannot be used to tribute summon. When these tokens are destroyed deal 300 damage to your opponent Ojama Trio
0%
Equip this card to an opponents attacking monster, negate the attack, the equipped monster cannot attack or change battle positions and loses 700 ATK Shadow Spell
0%
Either negates the effect of a spell that targets a monster or any spell in exchange for discarding a spell Spell Shield Type-8
0%
Once per turn activate a specified additional spell, when this trap and all 4 spell are activated, you win the dual Spirit Board
0%
Send 2 random fusion monsters from your opponent's extra deck to the graveyard Success Probability 0%
0%
Pay any equivalent of 1000 life points, your opponent cannot attack with monsters equal to or less than the amount you payed Wall of Revealing Light
0%
No matching quizzes found
Score Distribution
Percent of People with Each Score
Percentile by Number Answered
Your Score History
You have not taken this quiz